000 00351nam a2200133 i 4500
001 bg
100 1 _aNAWRODZKI, Z.
245 0 _aProblemy porównywania prądów stałych oraz sinusoidalnych prądów... /
_cZ. Nawrodzki.
260 _aWrocław,
_c1989.
040 _cBPK
041 _apol
942 _cKS
008 s pl f |000 0 pol
999 _c29242
_d29242
856 _uhttp://koha.tu.koszalin.pl/cgi-bin/koha/opac-detail.pl?biblionumber=29242
_yKatalog online BPK